Studies on the Effect of Poliar Application of Mineral Nutrients on Fruit Development and Quality of Guava (Psidium guajava Linn.) (Record no. 50100)

MARC details
000 -LEADER
fixed length control field 00503nam a22001577a 4500
003 - CONTROL NUMBER IDENTIFIER
control field OSt
008 - FIXED-LENGTH DATA ELEMENTS--GENERAL INFORMATION
fixed length control field 260421b |||||||| |||| 00| 0 eng d
082 ## - DEWEY DECIMAL CLASSIFICATION NUMBER
Classification number 634.421
Item number S48S
100 ## - MAIN ENTRY--PERSONAL NAME
Personal name Sinha, Ramesh Chandra
245 ## - TITLE STATEMENT
Title Studies on the Effect of Poliar Application of Mineral Nutrients on Fruit Development and Quality of Guava (Psidium guajava Linn.)
260 ## - PUBLICATION, DISTRIBUTION, ETC. (IMPRINT)
Place of publication, distribution, etc Pusa, Samastipur
Name of publisher, distributor, etc RAU, Pusa
Date of publication, distribution, etc 1989
300 ## - PHYSICAL DESCRIPTION
Extent 90P.
502 ## - DISSERTATION NOTE
Degree type Msc.
Year degree granted 1989
650 ## - SUBJECT ADDED ENTRY--TOPICAL TERM
Topical term or geographic name as entry element Fruit and Fruit Technology
942 ## - ADDED ENTRY ELEMENTS (KOHA)
Source of classification or shelving scheme
Koha item type Thesis
Holdings
Withdrawn status Lost status Source of classification or shelving scheme Damaged status Not for loan Home library Current library Date acquired Total Checkouts Full call number Barcode Date last seen Bill Date Koha item type
          Dr. Rajendra Prasad Central Agricultural University Pusa, Dr. Rajendra Prasad Central Agricultural University Pusa, 21/04/2026   634.421 S48S 42168-UL 21/04/2026 21/04/2026 Thesis
Hosted, Implemented, Customized & Maintained by: BestBookBuddies

Powered by Koha